Dartmouth Alumni - Statistics

General Stats
  • This quiz has been taken 12 times
  • The average score is 9 of 32
Answer Stats
Hint Answer % Correct
Children's author and cartoonist, "The Cat in the Hat" "How the Grinch Stole Christmas!" Dr. Seuss
75%
Actress known for her role as Kelly Kappor in "The Office" and creator of "Never Have I Ever" and "The Sex Lives of College Girls" Mindy Kaling
67%
Lead Washington anchor for CNN Jake Tapper
58%
Vice President of the United States from 1974 to 1977 Nelson Rockefeller
58%
Showrunner of "Grey's Anatomy" and Scandal and executive producer of "How to Get Away with Murder" and "Bridgerton" Shonda Rhimes
58%
Creator and host of a preschool television series which ran from 1968 to 2001 Fred Rogers
42%
Host of her own show on Fox News since 2017 Laura Ingraham
42%
Senator from Maine since 2013 and Governor of Maine from 1995 to 2003 Angus King
33%
Actor best known for his role as Jim Hopper in "Stranger Things" David Harbour
25%
Senator from New York since 2009 Kirsten Gillibrand
25%
Owner of the Cincinnati Bengals Mike Brown
25%
Writer, "A River Runs Through It" Norman Maclean
25%
Senator from Minnesota since 2018 Tina Smith
25%
Governor of Illinois from 2015 to 2019 Bruce Rauner
17%
Producer of animated films and founder and CEO of Illumination Chris Meledandri
17%
Co-director of "21 Jump Street", "22 Jump Street" and "The Lego Movie" Christopher Miller
17%
Director of "Nightcrawler" Dan Gilroy
17%
Co-showrunner of "Game of Thrones" and "3 Body Problem" David Benioff
17%
United States Secretary of the Treasury from 2006 to 2009 and former CEO of Goldman Sachs Henry Paulson
17%
Governor of Delaware from 2017 to 2025 John Carney
17%
Senator from North Dakota since 2011 and Governor of North Dakota from 2000 to 2010 John Hoeven
17%
Governor of Oregon from 1995 to 2003 and again from 2011 to 2015 John Kitzhaber
17%
Governor of North Carolina since 2025 Josh Stein
17%
Prime minister of Finland from 1995 to 2003 Paavo Lipponen
17%
Pioneering television executive who created "The Today Show" and "The Tonight Show" Pat Weaver
17%
Senator from Illinois from 1999 to 2005 Peter Fitzgerald
17%
Co-director of "21 Jump Street", "22 Jump Street" and "The Lego Movie" Phil Lord
17%
Senator from Ohio from 2011 to 2023 Rob Portman
17%
Baseball executive who led the New York Mets to the 2015 World Series Sandy Alderson
17%
Actress, "Prison Break" "The Walking Dead" Sarah Wayne Callies
17%
United States of the Treasury from 2009 to 2013 Timothy Geithner
17%
Governor of Pennsylvania from 2015 to 2023 Tom Wolf
17%
No matching quizzes found
Score Distribution
Percent of People with Each Score
Percentile by Number Answered
Your Score History
You have not taken this quiz